Statistics for 2023 F1 Grand Prixs

Click here to take the quiz!

General Stats

  • This quiz has been taken 48 times
  • The average score is 21 of 24

Answer Stats

DateAnswer% Correct
15/03Bahrain
100%
24/09Japan
100%
09/07United Kingdom
100%
05/11Brazil
96%
23/07Hungary
96%
03/09Italy
96%
27/08Netherlands
96%
04/06Spain
96%
30/07Belgium
93%
29/10Mexico
93%
28/05Monaco
93%
02/04Australia
89%
30/04Azerbaijan
89%
18/11Las Vegas
86%
07/05Miami
86%
19/03Saudi Arabia
86%
22/10USA
86%
(Cancelled)China
82%
17/09SIngapore
82%
26/11Abu Dhabi
79%
18/06Canada
79%
08/10Qatar
79%
02/07Austria
75%
21/05Emilia Romagna
43%

Score Distribution

Percentile by Number Answered

Percent of People with Each Score

Your Score History

You have not taken this quiz